The law of real property

Bibliographic Details
Main Author: Megarry, R.E
Other Authors: Wade, H. W. R
Format: Book
Published: London : Stevens and sons limited , 1959
Edition:2nd ed.
Subjects:

MARC

LEADER 00000cam a2200000 7i4500
001 0000008822
005 20220525.0
040 |a INS 
090 0 0 |a KD829   |b .M4 1959 
100 1 |a Megarry, R.E 
245 1 4 |a The law of real property   |c R. E. Megarry, H. W. R. Wade 
250 |a 2nd ed. 
260 |a London :   |b Stevens and sons limited ,   |c 1959 
300 |a lxxxviii, 1100p. ;   |c 25 cm. 
650 0 |a Real property   |z Great Britain 
700 1 |a Wade, H. W. R 
999 |a 0000022392   |b BOOK   |c Open Shelf   |e Default branch